书目信息 |
| 题名: |
功耗率最小与工程力学中的各类变分原理
|
|
| 作者: | 周筑宝 , 唐松花 著 | |
| 分册: | ||
| 出版信息: | 北京 科学出版社 2007.09 |
|
| 页数: | 230页 | |
| 开本: | 24cm | |
| 丛书名: | ||
| 单 册: | ||
| 中图分类: | TB12 | |
| 科图分类: | ||
| 主题词: | 工程力学 | |
| 电子资源: | ||
| ISBN: | 978-7-03-019852-5 | |
| 000 | 00690nam0 2200205 450 | |
| 001 | 0839442300 | |
| 005 | 20081202110015.78 | |
| 010 | @a978-7-03-019852-5@dCNY46.00 | |
| 100 | @a20081202d2007 km y0chiy0120 ea | |
| 101 | 0 | @achi |
| 102 | @aCN@b110000 | |
| 200 | 1 | @a功耗率最小与工程力学中的各类变分原理@Agong hao lu zui xiao yu gong cheng li xue zhong de ge lei bian fen yuan li@f周筑宝,唐松花著@Fzhou zhu bao,tang song hua zhu |
| 210 | @a北京@c科学出版社@d2007.09 | |
| 215 | @a230页@d24cm | |
| 606 | 0 | @a工程力学 |
| 690 | @aTB12@v4 | |
| 701 | 0 | @a周筑宝@Azhou zhu bao@4著 |
| 701 | 0 | @a唐松花@Atang song hua@4著 |
| 801 | 0 | @aCN@b山东省滨州职业学院图书馆@c20081202 |
| 905 | @aBZT@dTB12@e1@f5 | |
| 功耗率最小与工程力学中的各类变分原理/周筑宝,唐松花著.-北京:科学出版社,2007.09 |
| 230页;24cm |
| ISBN 978-7-03-019852-5:CNY46.00 |
| ● |
| 相关链接 |
|
|
|
正题名:功耗率最小与工程力学中的各类变分原理
索取号:TB12/1
 
预约/预借
| 序号 | 登录号 | 条形码 | 馆藏地/架位号 | 状态 | 备注 |
| 1 | 0686347 | 2000686347 | 样本书库/样003架B面3层1列/ [索取号:TB12/1] | 在馆 | |
| 2 | 0686348 | 2000686348 | 中心书库中库/ 中库030架B面1列7层10/ [索取号:TB12/1] | 在馆 | |
| 3 | 0686349 | 2000686349 | 中心书库中库/ 中库030架B面1列7层11/ [索取号:TB12/1] | 在馆 | |
| 4 | 0686350 | 2000686350 | 中心书库中库/ 中库030架B面1列7层9/ [索取号:TB12/1] | 在馆 | |
| 5 | 0686351 | 2000686351 | 中心书库中库/ 中库030架B面1列7层12/ [索取号:TB12/1] | 在馆 |